| 000 | 00518nam a2200205Ia 4500 | ||
|---|---|---|---|
| 003 | 0100 | ||
| 008 | 130227s9999 xx 000 0 und d | ||
| 040 | _cARRUPELIB | ||
| 050 | _aBD125.B431 2007 | ||
| 245 | _aBelief and metaphysics | ||
| 260 | _aLondon | ||
| 260 | _bSCM Press | ||
| 260 | _C2007 | ||
| 300 | _a540p. | ||
| 300 | _b 23 cm | ||
| 440 | _aVeritas | ||
| 650 | _bAfrica-Political science, Africa-Social life and culture | ||
| 700 | _aCunningham, Conor ; Candler, Peter M. (ed.) | ||
| 942 |
_2lcc _04 |
||
| 999 |
_c6190 _d6190 |
||